Formule 1 - Top 10 des plus jeunes polemen - Statistiques

Statistiques générales
  • Ce quiz a été pris 26 fois
  • Le résultat moyen est 4 sur 10
Statistiques - réponses
Âges Pilotes % Correct
19 ans, 6 mois et 18 jours Andrea Kimi Antonelli
100%
21 ans, 2 mois et 11 jours Sebastian Vettel
58%
22 ans, 5 mois et 3 jours Lewis Hamilton
50%
21 ans, 10 mois et 5 jours Max Verstappen
50%
21 ans, 5 mois et 15 jours Charles Leclerc
33%
21 ans, 7 mois et 23 jours Fernando Alonso
33%
21 ans, 10 mois et 13 jours Lando Norris
25%
22 ans et 17 jours Lance Stroll
8%
22 ans, 3 mois et 5 jours Rubens Barrichello
8%
22 ans, 10 mois et 4 jours Andrea De Cesaris
4%
Aucun quiz correspondant
Distribution des résultats
% des personnes avec chaque résultat
Percentile par nombre de réponses
Votre historique - résultats
Vous n’avez pas pris ce quiz